000 00456nam a2200205Ia 4500
001 12837
003 GE_BSU
008 181216s||||||||xx |||||||||||||| ||und||
020 _a9781847560803
040 _cGE_BSU
080 _a821.111-32
100 _aMariani,Skott.
245 4 _aThe Mozart Conspiracy.
260 _aLondon.
260 _bMixed Sources.
260 _c2008
300 _a452p;18cm.
653 _aThe Mozart Conspiracy.
942 _cBK
999 _c46007
_d46007